Micronutrients (Record no. 7053)

000 -LEADER
fixed length control field 00463nam a22001217a 4500
008 - FIXED-LENGTH DATA ELEMENTS--GENERAL INFORMATION
fixed length control field 200416b ||||| |||| 00| 0 eng d
100 ## - MAIN ENTRY--PERSONAL NAME
Personal name Tanzania Demographic Survey
245 ## - TITLE STATEMENT
Title Micronutrients
Remainder of title Results of the 2010 Tanzania Demographic and Health Survey
Medium English
260 ## - PUBLICATION, DISTRIBUTION, ETC. (IMPRINT)
Place of publication, distribution, etc. Dar Es Salaam
Name of publisher, distributor, etc. National Bureau of Statistics
Date of publication, distribution, etc. 2011
300 ## - PHYSICAL DESCRIPTION
Extent ix,63p.
Other physical details Illustration
Dimensions 29cm
650 ## - SUBJECT ADDED ENTRY--TOPICAL TERM
Source of heading or term Results of the 2010 Tanzania Demographic and Health Survey
942 ## - ADDED ENTRY ELEMENTS (KOHA)
Source of classification or shelving scheme
Koha item type BOOKS
Holdings
Withdrawn status Lost status Source of classification or shelving scheme Damaged status Not for loan Home library Current library Date acquired Total Checkouts Barcode Date last seen Price effective from Koha item type
          Mwanza Mwanza 16/04/2020   1000002860 16/04/2020 16/04/2020 BOOKS

IRDP © 2019 :: Managed by IRDP ICT Unit